[Event "Canadian Open "]
[Site "?"]
[Date "2016.07.10"]
[Round "1"]
[White "Szabo, Gergely"]
[Black "Ruellend, Geoffrey"]
[Result "1-0"]
[WhiteElo "2563"]
[BlackElo "2106"]
[PlyCount "85"]
[SourceDate "2016.07.13"]

1. e4 e6 2. d4 d5 3. Nd2 Nf6 4. e5 Nfd7 5. Bd3 c5 6. c3 Nc6 7. Ne2 cxd4 8. cxd4
f6 9. exf6 Nxf6 10. Nf3 Bd6 11. O-O Qc7 12. Bg5 O-O 13. Bh4 Nh5 14. Qc2 h6 15.
Bh7+ Kh8 16. Bg6 Nf4 17. Nxf4 Bxf4 18. Bg3 Bd7 19. Rad1 Rad8 20. Qe2 Rf6 21.
Bb1 Be8 22. Ne5 Nxe5 23. dxe5 Rf8 24. Bxf4 Rxf4 25. Qd3 g6 26. Qe3 g5 27. Qh3
Kg7 28. Qxe6 Bf7 29. Qh3 Re8 30. Qd3 Qb6 31. Qh7+ Kf8 32. g3 Rf3 33. Rd3 Rxd3
34. Bxd3 Re6 35. Bf5 Bg8 36. Qh8 Re7 37. e6 Rxe6 38. Bh7 Rg6 39. Rc1 Qe6 40.
Bxg6 Qxg6 41. Rc8+ Kf7 42. Qe5 Qb1+ 43. Kg2 1-0

[Event "Canadian Open"]
[Site "?"]
[Date "2016.07.10"]
[Round "1"]
[White "Karlow, Nick"]
[Black "Cherniaev, Alexander"]
[Result "0-1"]
[WhiteElo "2104"]
[BlackElo "2451"]
[PlyCount "66"]
[SourceDate "2016.07.13"]

1. d4 Nf6 2. c3 d6 3. Nf3 Nbd7 4. Bf4 Nh5 5. Bg5 h6 6. Bc1 Nhf6 7. g3 e5 8. Bg2
e4 9. Nfd2 d5 10. O-O Bd6 11. Re1 Ng4 12. Nf1 f5 13. c4 dxc4 14. f3 Ngf6 15.
Nbd2 Nb6 16. Nxc4 Nxc4 17. Qa4+ Bd7 18. Qxc4 Qe7 19. Bf4 Qf7 20. Qxf7+ Kxf7 21.
Bxd6 cxd6 22. fxe4 fxe4 23. Ne3 d5 24. Rf1 Be6 25. Rf4 Rac8 26. Raf1 Rc6 27. g4
Kg6 28. h4 Rhc8 29. Bh3 Rb6 30. Nf5 Bxf5 31. Rxf5 Rc2 32. g5 hxg5 33. hxg5 Kh5
0-1

[Event "Canadian Open"]
[Site "?"]
[Date "2016.07.10"]
[Round "1"]
[White "Tarjan, James E."]
[Black "Li, Yinshi"]
[Result "1-0"]
[WhiteElo "2447"]
[BlackElo "2076"]
[PlyCount "135"]
[SourceDate "2016.07.13"]

1. c4 c6 2. Nf3 Nf6 3. g3 d5 4. Bg2 Nbd7 5. d4 e6 6. b3 Bb4+ 7. Nbd2 Bc3 8. Rb1
e5 9. O-O exd4 10. cxd5 Nxd5 11. Nc4 O-O 12. Nxd4 Qf6 13. Bb2 Bxb2 14. Rxb2
N5b6 15. Rd2 Ne5 16. Ne3 Ng4 17. Nxg4 Bxg4 18. h3 Be6 19. Nxe6 Qxe6 20. Qa1
Rad8 21. Rfd1 Rxd2 22. Rxd2 h6 23. e3 Re8 24. h4 Re7 25. Kh2 Qf5 26. Bh3 Qe4
27. Rd8+ Kh7 28. Qd1 Re5 29. Rd4 Qg6 30. Bf1 Qf6 31. Bd3+ g6 32. Rf4 Qe7 33. h5
Kg7 34. hxg6 fxg6 35. Qa1 Kh7 36. Rg4 Rg5 37. Re4 Qf7 38. Rf4 Qe7 39. Re4 Qf7
40. Rf4 Qe7 41. Qf6 Qxf6 42. Rxf6 Rd5 43. Be4 Rd2 44. Kg1 Rxa2 45. Rxg6 Rb2 46.
Rxc6+ Kg8 47. Rc3 a5 48. Bxb7 Kf8 49. Rc5 Rxb3 50. Rxa5 Rb1+ 51. Kg2 Rb2 52.
Bd5 Rd2 53. Bb3 Rb2 54. Rb5 Nd7 55. Bc4 Rc2 56. Bd3 Rd2 57. Bf5 Nf6 58. e4 Rd4
59. Kf3 Rd3+ 60. Kf4 Nh5+ 61. Ke5 Ng7 62. Rb8+ Ke7 63. Rb7+ Kf8 64. Bg6 Rf3 65.
Rb8+ Ke7 66. Rg8 Ne6 67. Re8+ Kd7 68. Rxe6 1-0

[Event "Canadian Open"]
[Site "?"]
[Date "2016.07.10"]
[Round "1"]
[White "Huang, Patrick"]
[Black "Sohal, Tanraj S."]
[Result "0-1"]
[WhiteElo "2049"]
[BlackElo "2334"]
[PlyCount "144"]
[SourceDate "2016.07.13"]

1. e4 c5 2. Nf3 e6 3. d4 cxd4 4. Nxd4 Nf6 5. Nc3 Nc6 6. Be2 Bb4 7. Bf3 Qa5 8.
Nxc6 Bxc3+ 9. bxc3 dxc6 10. Qd6 Nd7 11. Bb2 Qe5 12. Qxe5 Nxe5 13. Be2 f6 14. f4
Nf7 15. O-O O-O 16. Rad1 Re8 17. a4 b6 18. Bc4 c5 19. Bb5 Re7 20. Bc6 Bb7 21.
Bxb7 Rxb7 22. c4 Kf8 23. g4 Rd8 24. Rxd8+ Nxd8 25. g5 Kf7 26. gxf6 gxf6 27. Rd1
Nc6 28. Bc3 Ke7 29. Kf2 e5 30. fxe5 fxe5 31. Rg1 Ke6 32. Ke3 Rf7 33. Ke2 Rf4
34. Ke3 Nd4 35. Bxd4 cxd4+ 36. Kd3 Rf3+ 37. Kd2 Kf6 38. a5 Rh3 39. axb6 Rxh2+
40. Kd3 Rh3+ 41. Kd2 axb6 42. Rb1 Rc3 43. Rxb6+ Kg5 44. Re6 Kf4 45. Rh6 Rxc4
46. Rh4+ Kf3 47. Rxh7 Kxe4 48. Re7 Rc3 49. Rh7 Rg3 50. Rh4+ Kd5 51. Rh5 Rf3 52.
Ke2 Re3+ 53. Kd2 Rg3 54. Ke2 Ke4 55. Rh4+ Kf5 56. Rh5+ Kf4 57. Rh4+ Rg4 58. Rh8
e4 59. Rf8+ Ke5 60. Re8+ Kf6 61. Rd8 Rg2+ 62. Kd1 Ke5 63. Ra8 Kf4 64. Ra4 Ke3
65. Ra3+ d3 66. cxd3 exd3 67. Kc1 Rg1+ 68. Kb2 Ke2 69. Ra8 d2 70. Re8+ Kf3 71.
Rf8+ Ke4 72. Re8+ Kf5 0-1

[Event "Canadian Open"]
[Site "?"]
[Date "2016.07.10"]
[Round "1"]
[White "Teh, Aron"]
[Black "Hua, Eugene"]
[Result "1/2-1/2"]
[WhiteElo "2328"]
[BlackElo "2049"]
[PlyCount "93"]
[SourceDate "2016.07.13"]

1. d4 d5 2. c4 e6 3. Nc3 Nf6 4. cxd5 exd5 5. Bg5 Nbd7 6. e3 Be7 7. Bd3 c6 8.
Nge2 Nh5 9. Bxe7 Qxe7 10. g4 Nhf6 11. Ng3 h6 12. Qe2 Nb6 13. h3 Be6 14. O-O-O
O-O-O 15. f4 Ne4 16. Bxe4 dxe4 17. Qc2 Bd5 18. Kb1 Rhe8 19. Qf2 Qb4 20. a3 Qa5
21. Nf5 g6 22. Nxh6 Nc4 23. Rc1 f6 24. h4 Kb8 25. g5 f5 26. h5 Qb6 27. Ka1 Na5
28. Kb1 Nb3 29. Rcd1 Bc4 30. hxg6 Bd3+ 31. Rxd3 exd3 32. g7 c5 33. d5 c4 34.
g8=Q Rxg8 35. Nxg8 Rxg8 36. Rh6 Qc5 37. g6 Qb6 38. Qg3 Nd2+ 39. Ka1 Nf1 40. Qh3
Nxe3 41. Rh8 Nc2+ 42. Ka2 Qb3+ 43. Kb1 Nxa3+ 44. Ka1 Nc2+ 45. Kb1 Na3+ 46. Ka1
Nc2+ 47. Kb1 1/2-1/2

[Event "Canadian Open"]
[Site "?"]
[Date "2016.07.10"]
[Round "1"]
[White "McNamara, Tanner"]
[Black "Li, Ben"]
[Result "0-1"]
[WhiteElo "2047"]
[BlackElo "2324"]
[PlyCount "110"]
[SourceDate "2016.07.13"]

1. d4 d5 2. c4 e6 3. Nc3 Nf6 4. cxd5 exd5 5. Bg5 c6 6. e3 Be7 7. Qc2 h6 8. Bxf6
Bxf6 9. Bd3 O-O 10. Nge2 Be7 11. O-O Bd6 12. Rab1 Nd7 13. b4 Nf6 14. Ng3 Ng4
15. Bh7+ Kh8 16. Bf5 Bxf5 17. Qxf5 Qh4 18. h3 Nxe3 19. fxe3 Qxg3 20. Rf3 Qh2+
21. Kf2 Rae8 22. e4 dxe4 23. Nxe4 Re6 24. Nxd6 Rxd6 25. Qf4 Qxf4 26. Rxf4 f5
27. b5 g5 28. Rf3 Rxd4 29. bxc6 bxc6 30. Rb7 Rd2+ 31. Kg1 Rd1+ 32. Kf2 Rfd8 33.
Rxf5 R1d7 34. Rb3 Kg7 35. Ra5 Rc8 36. Rba3 Rcc7 37. Ra6 c5 38. Re3 c4 39. Raa3
Rd6 40. g3 Kf6 41. Ke2 a6 42. Rac3 Re6 43. Kd2 Rcc6 44. Rxe6+ Kxe6 45. Re3+ Kd5
46. Kc3 Rf6 47. h4 a5 48. hxg5 hxg5 49. Kc2 Kd4 50. Ra3 Rf2+ 51. Kc1 g4 52.
Rxa5 Kd3 53. Ra8 Rf1+ 54. Kb2 c3+ 55. Kb3 Rb1+ 0-1

[Event "Canadian Open"]
[Site "?"]
[Date "2016.07.10"]
[Round "1"]
[White "Plotkin, Victor"]
[Black "Beider, Andrew"]
[Result "1-0"]
[WhiteElo "2309"]
[BlackElo "2031"]
[PlyCount "61"]
[SourceDate "2016.07.13"]

1. e4 c5 2. c3 d5 3. exd5 Qxd5 4. d4 e6 5. Nf3 Nf6 6. Bd3 a6 7. O-O Be7 8. Be3
Nbd7 9. Qe2 O-O 10. Rd1 Qc6 11. Nbd2 b5 12. a4 c4 13. Bc2 Bb7 14. Nf1 Rfe8 15.
Ng3 Nb6 16. a5 Nbd7 17. Ne1 Rad8 18. f4 g6 19. Nf3 Qc7 20. Rf1 Bxf3 21. Qxf3
Bd6 22. Bd2 Kg7 23. Ne2 Rf8 24. g4 Ng8 25. Rf2 Nb8 26. f5 exf5 27. Bg5 f6 28.
Nf4 Bxf4 29. Bxf4 Qc8 30. gxf5 h6 31. Be4 1-0

[Event "Canadian Open"]
[Site "?"]
[Date "2016.07.10"]
[Round "1"]
[White "MacDonald, Jonathan"]
[Black "Song, Edward"]
[Result "0-1"]
[WhiteElo "2030"]
[BlackElo "2305"]
[PlyCount "148"]
[SourceDate "2016.07.13"]

1. e4 c5 2. Nf3 d6 3. d4 cxd4 4. Qxd4 Nc6 5. Bb5 Bd7 6. Bxc6 Bxc6 7. c4 Nf6 8.
Nc3 e6 9. O-O Be7 10. b4 O-O 11. b5 Bd7 12. e5 dxe5 13. Nxe5 Qc8 14. Bb2 Rd8
15. Rac1 Be8 16. Qe3 Qc7 17. Ne4 Nxe4 18. Qxe4 Bf6 19. f4 g6 20. g4 Bg7 21. g5
a6 22. a4 Qe7 23. Rc2 axb5 24. cxb5 Rac8 25. Kg2 Rxc2+ 26. Qxc2 Qb4 27. Rf2 Ra8
28. Nc4 Rc8 29. Bxg7 Rxc4 30. Qb2 Rxf4 31. Rxf4 Qxf4 32. Bh6 Qe4+ 33. Kg3 Qe3+
34. Kg2 Qe4+ 35. Kg3 Qd3+ 36. Kg2 Qd5+ 37. Kh3 Qf3+ 38. Kh4 Qf4+ 39. Kh3 Qf3+
40. Kh4 Qf4+ 41. Kh3 Qe3+ 42. Kg2 Qe4+ 43. Kg1 Qg4+ 44. Kh1 Qd1+ 45. Kg2 Qd5+
46. Kg3 Qd6+ 47. Kg2 e5 48. Kf2 Bd7 49. Ke1 Qc5 50. Qd2 Qg1+ 51. Ke2 Bg4+ 52.
Kd3 Qd4+ 53. Kc2 Qxa4+ 54. Kb2 Qxb5+ 55. Kc1 Qc4+ 56. Kb2 Qd4+ 57. Kc1 Qxd2+
58. Kxd2 Be6 59. h4 Bd5 60. h5 b5 61. hxg6 hxg6 62. Ke3 e4 63. Kd4 b4 64. Ke3
b3 65. Kd2 e3+ 66. Kxe3 b2 67. Kd4 Be6 68. Ke5 b1=Q 69. Kd6 Qf5 70. Ke7 Bc4 71.
Kd8 Qe6 72. Kc7 Bd5 73. Bg7 Qc6+ 74. Kd8 Be6 0-1

[Event "Canadian Open"]
[Site "?"]
[Date "2016.07.11"]
[Round "2"]
[White "Cherniaev , Alexander"]
[Black "Humphreys, Michael"]
[Result "1-0"]
[WhiteElo "2451"]
[BlackElo "2206"]
[PlyCount "35"]
[SourceDate "2016.07.13"]

1. d4 Nf6 2. Bg5 Ne4 3. Bf4 Nc6 4. Nf3 e6 5. Nbd2 d5 6. h3 Bd6 7. Bxd6 Qxd6 8.
e3 O-O 9. c4 f5 10. c5 Qe7 11. Bb5 f4 12. exf4 Rxf4 13. Bxc6 bxc6 14. O-O Ba6
15. Re1 Raf8 16. Re3 e5 17. Nxe4 dxe4 18. Nxe5 1-0

[Event "Canadian Open"]
[Site "?"]
[Date "2016.07.11"]
[Round "2"]
[White "Sohal, Tanraj S."]
[Black "Chaichi, Navid"]
[Result "0-1"]
[WhiteElo "2334"]
[BlackElo "2134"]
[PlyCount "118"]
[SourceDate "2016.07.13"]

1. d4 Nf6 2. c4 g6 3. Nc3 d5 4. cxd5 Nxd5 5. e4 Nxc3 6. bxc3 c5 7. Be3 Bg7 8.
Rc1 Qa5 9. Qd2 O-O 10. Nf3 Rd8 11. d5 e6 12. c4 Qxd2+ 13. Nxd2 exd5 14. cxd5 b6
15. Be2 Ba6 16. Nc4 Nd7 17. f3 f5 18. Bg5 Bf6 19. Bf4 fxe4 20. fxe4 Bxc4 21.
Bxc4 Re8 22. O-O Rxe4 23. d6+ Rxc4 24. Rxc4 Bd4+ 25. Rxd4 cxd4 26. Rd1 Kf7 27.
Rxd4 Nc5 28. Rd1 Re8 29. Kf2 Ke6 30. g4 Kd7 31. Kf3 Re4 32. Bg3 Ra4 33. Rd2 Ne4
34. Rc2 Nxg3 35. Kxg3 Kxd6 36. Kf3 b5 37. h4 h5 38. Rg2 Rxg4 39. Rxg4 hxg4+ 40.
Kxg4 Ke6 41. Kg5 Kf7 42. Kf4 Kf6 43. Ke4 Ke6 44. Kd4 Kd6 45. a3 a5 46. Kc3 Kc5
47. Kb3 b4 48. axb4+ axb4 49. Kb2 Kc4 50. Kc2 Kd4 51. Kb3 Ke4 52. Kxb4 Kf4 53.
Kc3 Kg4 54. Kd2 Kxh4 55. Ke1 Kg3 56. Kf1 g5 57. Kg1 g4 58. Kh1 Kf2 59. Kh2 g3+
0-1

[Event "Canadian Open"]
[Site "?"]
[Date "2016.07.11"]
[Round "2"]
[White "Doknjas, Joshua"]
[Black "Plotkin, Victor"]
[Result "1/2-1/2"]
[WhiteElo "2131"]
[BlackElo "2307"]
[PlyCount "71"]
[SourceDate "2016.07.13"]

1. e4 e5 2. Nf3 Nf6 3. d4 Nxe4 4. Bd3 d5 5. Nxe5 Nc6 6. Nxc6 bxc6 7. O-O Be7 8.
c4 O-O 9. Qc2 Nf6 10. c5 g6 11. Bh6 Re8 12. Nd2 Nh5 13. Nf3 Bf6 14. Rae1 Re6
15. Ne5 Bxe5 16. Rxe5 Rxe5 17. dxe5 Ng7 18. Bxg7 Kxg7 19. Qa4 Be6 20. Qd4 Kg8
21. f4 Qh4 22. Qa4 Bd7 23. Qb3 Qe7 24. Qc3 Re8 25. Qd4 f6 26. Re1 fxe5 27. Rxe5
Qf8 28. b4 Rxe5 29. Qxe5 Qe8 30. Qxe8+ Bxe8 31. Kf2 Kf7 32. Ke3 Bd7 33. Kd4 Kf6
34. a3 Bf5 35. Ba6 Bd7 36. Bd3 1/2-1/2

[Event "Canadian Open"]
[Site "?"]
[Date "2016.07.11"]
[Round "2"]
[White "Kiraly, Istvan"]
[Black "Peredun, Andrew"]
[Result "1/2-1/2"]
[WhiteElo "2107"]
[BlackElo "2283"]
[PlyCount "29"]
[SourceDate "2016.07.13"]

1. d4 d5 2. Nf3 Nf6 3. Bf4 c5 4. e3 cxd4 5. exd4 Nc6 6. c3 Bg4 7. Be2 e6 8.
Nbd2 Bd6 9. Ne5 Bxe2 10. Qxe2 O-O 11. Bg3 Qc7 12. O-O Nd7 13. Nxd7 Qxd7 14.
Bxd6 Qxd6 15. f4 1/2-1/2

[Event "Canadian Open"]
[Site "?"]
[Date "2016.07.12"]
[Round "3"]
[White "Tarjan , Jim"]
[Black "Doknjas, John "]
[Result "1/2-1/2"]
[WhiteElo "2447"]
[BlackElo "2133"]
[PlyCount "44"]
[SourceDate "2016.07.13"]

1. c4 c5 2. g3 Nc6 3. Bg2 g6 4. Nc3 Bg7 5. Nf3 e6 6. d3 Nge7 7. Bg5 d5 8. O-O
h6 9. Bd2 O-O 10. Qc1 Kh7 11. Rb1 b6 12. a3 a5 13. Qc2 Bb7 14. Qb3 Nd4 15. Nxd4
cxd4 16. Na4 dxc4 17. dxc4 Bxg2 18. Kxg2 Rb8 19. Qb5 Nf5 20. Qc6 Ne7 21. Qb5
Nf5 22. Qc6 Ne7 1/2-1/2

[Event "Canadian Open"]
[Site "?"]
[Date "2016.07.12"]
[Round "3"]
[White "Antal, Gergely"]
[Black "Doknjas, Joshua"]
[Result "1-0"]
[WhiteElo "2545"]
[BlackElo "2131"]
[PlyCount "95"]
[SourceDate "2016.07.13"]

1. e4 c5 2. Nf3 d6 3. d4 cxd4 4. Nxd4 Nf6 5. Nc3 a6 6. Be2 e5 7. Nb3 Be7 8. Be3
Be6 9. Qd3 O-O 10. O-O Nbd7 11. Nd5 Bxd5 12. exd5 Ne8 13. f3 f5 14. Kh1 g6 15.
a4 a5 16. Ra3 Bf6 17. Qb5 Qc7 18. Nd2 Nc5 19. Nc4 Be7 20. Bh6 Ng7 21. Bd2 Bd8
22. Bxa5 Rxa5 23. Nxa5 Qxa5 24. b4 Qxb5 25. axb5 Nd7 26. Ra7 Bb6 27. Rxb7 Rd8
28. Ra1 Ne8 29. Ra6 Be3 30. b6 Nef6 31. Bb5 Kf8 32. c4 Bd4 33. g3 e4 34. Kg2
Be3 35. fxe4 fxe4 36. Bxd7 Nxd7 37. Raa7 Ke7 38. c5 dxc5 39. Rxd7+ Rxd7 40. b7
cxb4 41. b8=Q Bxa7 42. Qxb4+ Kd8 43. d6 e3 44. Qh4+ Ke8 45. Qc4 Rxd6 46. Qg8+
Ke7 47. Qxh7+ Kf6 48. Qxa7 1-0

[Event "Canadian Open"]
[Site "?"]
[Date "2016.07.12"]
[Round "3"]
[White "Peredun, Andrew"]
[Black "Li, Ben"]
[Result "*"]
[WhiteElo "2283"]
[BlackElo "2324"]
[PlyCount "121"]
[SourceDate "2016.07.13"]

1. d4 d5 2. c4 e6 3. Nf3 Nf6 4. Nc3 Be7 5. Bf4 O-O 6. e3 b6 7. cxd5 Nxd5 8.
Nxd5 exd5 9. Be2 c5 10. O-O Nc6 11. dxc5 bxc5 12. Ne5 Nxe5 13. Bxe5 Be6 14. Bf3
Qd7 15. Qd2 Qb7 16. Rfd1 Rfd8 17. Rac1 f6 18. Bc3 Rac8 19. b3 Bf8 20. Qe2 Qb6
21. h3 Rd6 22. Bb2 Qa5 23. Rd2 Rd7 24. Bc3 Qb6 25. Rcd1 Rcd8 26. Bb2 Qb4 27.
Qa6 Qb6 28. Qa4 Bd6 29. Bxd5 Bxd5 30. Rxd5 Kf8 31. Qc4 Qc6 32. e4 Be7 33. Rxd7
Rxd7 34. Rd3 Rxd3 35. Qxd3 Qe6 36. Kf1 Bd6 37. Qd5 Qd7 38. Ke2 Qe7 39. Qa8+ Kf7
40. Qd5+ Kf8 41. Kd3 Qc7 42. Kc2 Qe7 43. Ba3 Qc7 44. g3 Qb6 45. Kb1 Ke7 46. Bc1
Kf8 47. f4 Be7 48. Qd3 Qc7 49. h4 Qc8 50. a4 Qh3 51. Ba3 Qg2 52. Bb2 Qg1+ 53.
Ka2 Qe1 54. e5 fxe5 55. fxe5 h6 56. Qf5+ Ke8 57. Qg6+ Kd7 58. Qxg7 Qe4 59. Qf7
Qg4 60. Qd5+ Ke8 61. e6 *

[Event "Canadian Open"]
[Site "?"]
[Date "2016.07.12"]
[Round "3"]
[White "Plotkin, Victor"]
[Black "Agbabishvili, Lali"]
[Result "1/2-1/2"]
[WhiteElo "2309"]
[BlackElo "2012"]
[PlyCount "131"]
[SourceDate "2016.07.13"]

1. e4 c5 2. c3 Nf6 3. e5 Nd5 4. d4 cxd4 5. Nf3 Nc6 6. Bc4 Nb6 7. Bb3 d6 8. exd6
Qxd6 9. Nxd4 Nxd4 10. cxd4 Be6 11. O-O Bxb3 12. Qxb3 Qd5 13. Qd3 e6 14. Nc3 Qd7
15. Rd1 Nd5 16. Qg3 f6 17. Nxd5 Qxd5 18. Be3 g5 19. Qc7 Qd7 20. Qc2 Bd6 21. Qe2
h5 22. Rac1 Kf7 23. Rc4 g4 24. Rdc1 Rac8 25. Qc2 Rxc4 26. Qxc4 a6 27. b3 f5 28.
d5 e5 29. Bb6 Qb5 30. Qxb5 axb5 31. Kf1 Ke7 32. Ke2 Kd7 33. Kd3 h4 34. h3 gxh3
35. gxh3 Rg8 36. Ke2 Rg6 37. a4 bxa4 38. bxa4 Bb8 39. Rb1 Bc7 40. Bc5 b6 41.
Be3 f4 42. Bd2 Rg2 43. Rb3 Rh2 44. Be1 e4 45. Rb4 e3 46. Kf3 Rxh3+ 47. Kg2 exf2
48. Bxf2 Rd3 49. Bxh4 Rxd5 50. Bf2 Kc6 51. Kf3 Rd3+ 52. Ke4 Ra3 53. Bxb6 Bxb6
54. Kxf4 Bc5 55. Rc4 Kd5 56. Rc2 Rxa4+ 57. Kf3 Ra3+ 58. Kf4 Bd6+ 59. Kf5 Rf3+
60. Kg4 Rf8 61. Rd2+ Ke6 62. Re2+ Be5 63. Ra2 Rg8+ 64. Kf3 Kf5 65. Ra5 Rg3+ 66.
Kf2 1/2-1/2

[Event "Canadian Open"]
[Site "?"]
[Date "2016.07.12"]
[Round "3"]
[White "Chaichi, Navid"]
[Black "Cherniaev, Alexander"]
[Result "1-0"]
[WhiteElo "2134"]
[BlackElo "2451"]
[PlyCount "98"]
[SourceDate "2016.07.13"]

1. e4 c5 2. Nf3 d6 3. d4 cxd4 4. Nxd4 Nf6 5. Nc3 g6 6. Be3 a6 7. f3 b5 8. a4 b4
9. Na2 e5 10. Nb3 d5 11. Bg5 Nbd7 12. exd5 Bb7 13. Qd2 Qb6 14. a5 Qd6 15. O-O-O
Rc8 16. Kb1 h6 17. Bh4 Nxd5 18. Bg3 Bg7 19. Bxa6 Qxa6 20. Nxb4 Nxb4 21. Qxd7+
Kf8 22. c3 Nd5 23. Nc5 Nxc3+ 24. bxc3 Qxa5 25. Nxb7 Qxc3 26. Qxc8+ Qxc8 27.
Rd8+ Ke7 28. Rxc8 Rxc8 29. Rc1 Rb8 30. Rc7+ Ke6 31. Kc2 Bf8 32. Na5 Ra8 33. Nc4
Ra2+ 34. Kd3 f6 35. Rc6+ Kf7 36. Ne3 h5 37. Nd5 Bg7 38. Rc7+ Kg8 39. Rc2 Ra4
40. Ne7+ Kh7 41. Bf2 Rb4 42. Nd5 Rb5 43. Kc4 Rb1 44. Nc3 Rh1 45. h3 Ra1 46. Bc5
Kg8 47. Kd5 h4 48. Bf2 Ra5+ 49. Kc6 g5 1-0

[Event "Canadian Open"]
[Site "?"]
[Date "2016.07.12"]
[Round "3"]
[White "Szabo, Gergely-Andras-"]
[Black "Ivanov, Mike"]
[Result "1-0"]
[WhiteElo "2563"]
[BlackElo "2269"]
[PlyCount "55"]
[SourceDate "2016.07.13"]

1. d4 Nf6 2. Nf3 c5 3. d5 e6 4. Nc3 b5 5. dxe6 fxe6 6. e4 b4 7. Nb5 a6 8. Nd6+
Bxd6 9. Qxd6 Nxe4 10. Qe5 d5 11. Qxg7 Qf6 12. Qc7 O-O 13. Bd3 c4 14. Bxe4 dxe4
15. Qg3+ Kh8 16. Ng5 Bb7 17. Be3 Bd5 18. Qc7 Qg6 19. h4 Nc6 20. h5 Qg7 21. Nxe6
Rf7 22. Nxg7 Rxc7 23. O-O-O Rd7 24. h6 Rad8 25. Bb6 Rb8 26. Rh5 b3 27. a3 Rdb7
28. Be3 1-0

[Event "Canadian Open"]
[Site "?"]
[Date "2016.07.13"]
[Round "4"]
[White "Chaichi, Navid"]
[Black "Szabo, Gergely"]
[Result "0-1"]
[WhiteElo "2134"]
[BlackElo "2563"]
[PlyCount "94"]
[SourceDate "2016.07.13"]

1. e4 e6 2. d4 d5 3. Nc3 Nc6 4. Bb5 dxe4 5. Bxc6+ bxc6 6. Nxe4 Qd5 7. Qf3 Nf6
8. Nxf6+ gxf6 9. Bf4 Rb8 10. Qxd5 cxd5 11. O-O-O Kd7 12. Nf3 Ba6 13. Nd2 Rb4
14. c3 Ra4 15. b3 Rxa2 16. Kb1 Ra5 17. Kb2 Be2 18. Rde1 Bd3 19. Ra1 Rxa1 20.
Rxa1 a6 21. c4 Bb4 22. Rxa6 Rb8 23. Ra7 e5 24. dxe5 dxc4 25. e6+ Kxe6 26. Rxc7
Bxd2 27. Bxd2 Rxb3+ 28. Ka2 Rb6 29. Bc3 Be4 30. g3 Bd5 31. Ra7 Kf5 32. Re7 Be6
33. Ra7 Ke4 34. Ra3 Kd3 35. Ba5+ c3+ 36. Ka1 Rc6 37. Kb1 Rc5 38. Kc1 h5 39. Bb4
Rc4 40. Ba5 Rc5 41. Bd8 f5 42. Bf6 Bd5 43. f4 Be4 44. Be7 Rb5 45. Bf6 Ke2 46.
Ra2+ c2 47. Rb2 Rd5 0-1

[Event "Canadian Open "]
[Site "?"]
[Date "2016.07.13"]
[Round "4"]
[White "Doknjas, John"]
[Black "Antal, Gergely"]
[Result "0-1"]
[WhiteElo "2133"]
[BlackElo "2545"]
[PlyCount "120"]
[SourceDate "2016.07.13"]

1. d4 d5 2. c4 dxc4 3. e3 e5 4. Bxc4 exd4 5. Nf3 Bb4+ 6. Bd2 Bxd2+ 7. Qxd2 Nf6
8. Nxd4 O-O 9. Nc3 a6 10. b4 Nbd7 11. O-O Ne5 12. Be2 Nc6 13. a3 Nxd4 14. exd4
Qd6 15. Bf3 c6 16. Ne4 Nxe4 17. Bxe4 Rd8 18. Rfd1 Bg4 19. f3 Be6 20. Qc3 Rd7
21. Rd2 Bd5 22. Rad1 Re8 23. Bxd5 Qxd5 24. Qc5 Qb3 25. Rd3 Qa4 26. Qc3 Red8 27.
R1d2 h6 28. Rd1 Rd5 29. R1d2 Qb5 30. Rd1 Qb6 31. Kh1 Qc7 32. Kg1 Qd6 33. Qc4
Re8 34. Qc3 Rh5 35. h3 Rxh3 36. Re1 Rxe1+ 37. Qxe1 Qh2+ 38. Kf1 Rg3 39. Qf2
Qh1+ 40. Qg1 Qh5 41. Qf2 Rg5 42. Kg1 Qg6 43. Rd1 Qd6 44. Qe3 Rd5 45. Qe8+ Qf8
46. Qe4 Qd8 47. Qe3 Qd7 48. Qe4 Rd6 49. a4 Rd5 50. Rd2 Qd6 51. Qe8+ Qf8 52.
Qxf8+ Kxf8 53. Kf2 Ke7 54. Ke3 Kd6 55. Ke4 Rh5 56. g4 Rh1 57. Rb2 Re1+ 58. Kd3
Ra1 59. a5 Kd5 60. Re2 Ra3+ 0-1

[Event "Canadian Open"]
[Site "?"]
[Date "2016.07.13"]
[Round "4"]
[White "Cherniaev, Alexander"]
[Black "Peredun, Andrew"]
[Result "1/2-1/2"]
[WhiteElo "2451"]
[BlackElo "2283"]
[PlyCount "89"]
[SourceDate "2016.07.13"]

1. e4 e5 2. Nf3 Nc6 3. Bb5 a6 4. Ba4 Nf6 5. O-O Be7 6. Re1 b5 7. Bb3 O-O 8. d3
d6 9. c3 Na5 10. Bc2 c5 11. Nbd2 Nd7 12. Nf1 Nb6 13. d4 Qc7 14. h3 cxd4 15.
cxd4 Nc6 16. d5 Nb4 17. Bb1 a5 18. g4 Bd7 19. a3 Na6 20. b3 Nc5 21. Bc2 Rfc8
22. Ra2 a4 23. b4 Nb3 24. Be3 Nc4 25. Bxb3 axb3 26. Qxb3 Nxe3 27. Qxe3 Qc3 28.
Kg2 Bd8 29. Ng3 Qxe3 30. Rxe3 Bb6 31. Rb3 g6 32. Nd2 Ra7 33. Ndf1 Kg7 34. Ne3
Rac7 35. Ne2 h6 36. Rd2 Kf6 37. Rdd3 Rh8 38. Rbc3 Rxc3 39. Rxc3 Ra8 40. Nc2 Ke7
41. Ng3 Kf6 42. h4 Kg7 43. h5 Rc8 44. Rxc8 Bxc8 45. hxg6 1/2-1/2

[Event "Canadian Open"]
[Site "?"]
[Date "2016.07.13"]
[Round "4"]
[White "Li, Yinshi"]
[Black "Plotkin, Victor"]
[Result "1/2-1/2"]
[WhiteElo "2076"]
[BlackElo "2309"]
[PlyCount "126"]
[SourceDate "2016.07.13"]

1. d4 d5 2. c4 e6 3. cxd5 exd5 4. Nc3 c6 5. Nf3 Bd6 6. Bg5 Ne7 7. e3 h6 8. Bh4
Qb6 9. Rb1 Nf5 10. Bd3 Be6 11. Qc2 Nxh4 12. Nxh4 Nd7 13. O-O Nf6 14. Nf5 Bxf5
15. Bxf5 O-O 16. b4 Qc7 17. h3 Qe7 18. b5 c5 19. dxc5 Bxc5 20. Rfd1 Rfd8 21.
Ne2 g6 22. Bd3 Rac8 23. Qb3 Rc7 24. Rbc1 Rcd7 25. Nd4 Bb6 26. Rc2 Ne4 27. Rdc1
Qd6 28. Bf1 Re7 29. Rc8 Bxd4 30. Rxd8+ Qxd8 31. exd4 Qd6 32. Rc2 Kg7 33. g3 h5
34. h4 f5 35. Bg2 Nf6 36. Qc3 Ne4 37. Bxe4 fxe4 38. Qc5 Qxc5 39. Rxc5 Rd7 40.
Rc8 Kf6 41. Ra8 b6 42. Rc8 Re7 43. Rc3 g5 44. hxg5+ Kxg5 45. Kf1 h4 46. gxh4+
Kxh4 47. Ke2 Kg4 48. Rc6 Rd7 49. Ke3 Kf5 50. Ke2 Kg5 51. Ke1 Rh7 52. Rd6 Rh1+
53. Ke2 Ra1 54. Ke3 Re1+ 55. Kd2 Rb1 56. Rxd5+ Kf4 57. Rd7 Rb2+ 58. Ke1 Rxa2
59. Rf7+ Kg5 60. d5 Ra5 61. d6 Rxb5 62. Rxa7 Rd5 63. d7 Kf6 1/2-1/2

[Event "Canadian Open"]
[Site "?"]
[Date "2016.07.13"]
[Round "4"]
[White "Agbabishvili, Lali"]
[Black "Humphreys, Michael"]
[Result "1/2-1/2"]
[WhiteElo "2012"]
[BlackElo "2206"]
[PlyCount "51"]
[SourceDate "2016.07.13"]

1. Nf3 g6 2. g3 Bg7 3. Bg2 c5 4. O-O Nc6 5. d3 e6 6. e4 Nge7 7. Nc3 d5 8. exd5
exd5 9. Re1 O-O 10. Bf4 h6 11. h4 Bg4 12. Qd2 Kh7 13. Ne5 Bxe5 14. Bxe5 f6 15.
Bf4 g5 16. hxg5 hxg5 17. Bxg5 fxg5 18. Qxg5 Qd7 19. Nxd5 Nxd5 20. Bxd5 Rae8 21.
Be4+ Bf5 22. Bxf5+ Rxf5 23. Qh4+ Kg6 24. Qg4+ Kf6 25. Qh4+ Kg6 26. Qg4+ 1/2-1/2

[Event "Canadian Open"]
[Site "?"]
[Date "2016.07.10"]
[Round "1"]
[White "Zhou, Aiden"]
[Black "Zhou, Lily"]
[Result "1-0"]
[WhiteElo "1847"]
[BlackElo "1240"]
[PlyCount "83"]
[SourceDate "2016.07.13"]

1. d4 d5 2. Bf4 Nf6 3. e3 c5 4. c3 Nc6 5. Nf3 Bg4 6. Bd3 e6 7. Nbd2 Be7 8. h3
Bh5 9. O-O O-O 10. Be2 Nd7 11. Bh2 f6 12. dxc5 Bxc5 13. b4 Bb6 14. b5 Ne7 15.
Nd4 Bf7 16. N4b3 e5 17. Rc1 Rc8 18. c4 Nc5 19. Nxc5 Bxc5 20. cxd5 Nxd5 21. Nc4
Nb6 22. Qxd8 Rfxd8 23. Na5 Bb4 24. Nxb7 Bd5 25. Nxd8 Rxd8 26. Rfd1 Rd7 27. e4
Bxa2 28. Rxd7 Nxd7 29. Bc4+ Bxc4 30. Rxc4 Bc5 31. Kf1 Bd4 32. f3 Nb6 33. Rc7
Na4 34. Bg1 Nc3 35. Rb7 h6 36. Bxd4 exd4 37. Ke1 d3 38. Kd2 Ne2 39. Rxa7 Nd4
40. b6 Nc6 41. Rc7 Na5 42. Kxd3 1-0

[Event "Canadian Open"]
[Site "?"]
[Date "2016.07.13"]
[Round "4"]
[White "Piccinin, Mario"]
[Black "Lee, Stefano"]
[Result "1-0"]
[WhiteElo "1809"]
[BlackElo "1570"]
[PlyCount "53"]
[SourceDate "2016.07.13"]

1. f4 d5 2. e3 Nf6 3. Nf3 Bg4 4. Be2 Nc6 5. O-O e6 6. d3 Bc5 7. d4 Bd6 8. Nbd2
h6 9. c4 Nh5 10. Ne5 Bxe2 11. Qxe2 Qh4 12. Ndf3 Qe7 13. Nxc6 bxc6 14. c5 Bxc5
15. dxc5 Qxc5 16. Ne5 Nf6 17. b3 Qb6 18. Ba3 Ne4 19. Rac1 c5 20. Nd3 c4 21.
bxc4 Qa6 22. Bb4 dxc4 23. Nc5 Nxc5 24. Bxc5 Qa5 25. Qxc4 Rd8 26. a4 a6 27. Ba3
1-0

[Event "Canadian Open"]
[Site "?"]
[Date "2016.07.12"]
[Round "3"]
[White "Thanabalachandran, Kajan"]
[Black "Gillis, Doug"]
[Result "1-0"]
[WhiteElo "1846"]
[BlackElo "1610"]
[PlyCount "59"]
[SourceDate "2016.07.13"]

1. e4 e6 2. d4 d5 3. Bd3 dxe4 4. Bxe4 Nf6 5. Bf3 c5 6. Ne2 cxd4 7. Nxd4 Bc5 8.
Be3 Bxd4 9. Qxd4 Qxd4 10. Bxd4 Nbd7 11. O-O Rb8 12. Nc3 a6 13. Rfe1 O-O 14. Ne4
Nxe4 15. Bxe4 Nf6 16. Bf3 Bd7 17. Rad1 Bc6 18. Bxc6 bxc6 19. c4 Rfd8 20. b3 Nd7
21. Bc3 Nc5 22. Be5 Rbc8 23. Bd6 Nb7 24. Be7 Rxd1 25. Rxd1 f6 26. Rd7 Rb8 27.
Kf1 e5 28. Ke2 Na5 29. Bd6 Rb7 30. Bc7 1-0